Экономика и организация энергетического производства. Технико-экономическое обоснование выбора основного оборудования ТЭЦ: учебно-методическое пособие

Бібліографічні деталі
Автор: Коршунова Л. А. Лидия Афанасьевна
Співавтор: Национальный исследовательский Томский политехнический университет (ТПУ) Институт дистанционного образования (ИДО)
Інші автори: Кузьмина Н. Г. Наталия Геннадьевна
Резюме:В данном учебно-методическом пособии рассматриваются вопросы технико-экономического обоснования инвестиционных проектов строительства и модернизации ТЭС на основе определения мощности станции, выбора типа основного оборудования и организации его эксплуатации, а также расчета технико-экономических показателей станции в теоретико-методическом и практическом аспектах в соответствии с содержанием дисциплины «Экономика и организация энергетического производства». Пособие подготовлено на кафедре менеджмента и предназначено для студентов ИДО, обучающихся по специальностям 140203 «Релейная защита и автоматика электроэнергетических систем» и 140205 «Электроэнергетические системы и сети».
Мова:Російська
Опубліковано: Томск, Изд-во ТПУ, 2012
Предмети:
Формат: Книга
KOHA link:https://koha.lib.tpu.ru/cgi-bin/koha/opac-detail.pl?biblionumber=238938

MARC

LEADER 00000nam0a2200000 4500
001 238938
005 20231101231635.0
035 |a (RuTPU)RU\TPU\book\260149 
090 |a 238938 
100 |a 20130603d2012 m y0rusy50 ca 
101 0 |a rus 
102 |a RU 
105 |a a j 001zy 
200 1 |a Экономика и организация энергетического производства. Технико-экономическое обоснование выбора основного оборудования ТЭЦ  |e учебно-методическое пособие  |f Л. А. Коршунова, Н. Г. Кузьмина  |g Национальный исследовательский Томский политехнический университет (ТПУ), Институт дистанционного образования (ИДО) 
210 |a Томск  |c Изд-во ТПУ  |d 2012 
215 |a 56 с.  |c ил. 
320 |a Библиогр.: с. 55. 
330 |a В данном учебно-методическом пособии рассматриваются вопросы технико-экономического обоснования инвестиционных проектов строительства и модернизации ТЭС на основе определения мощности станции, выбора типа основного оборудования и организации его эксплуатации, а также расчета технико-экономических показателей станции в теоретико-методическом и практическом аспектах в соответствии с содержанием дисциплины «Экономика и организация энергетического производства». Пособие подготовлено на кафедре менеджмента и предназначено для студентов ИДО, обучающихся по специальностям 140203 «Релейная защита и автоматика электроэнергетических систем» и 140205 «Электроэнергетические системы и сети». 
606 1 |a Электротехническая промышленность предприятия  |x Экономика  |2 stltpush  |3 (RuTPU)RU\TPU\subj\20941  |9 46001 
610 1 |a курсовые проекты 
610 1 |a разделы 
610 1 |a электрическая энергия 
610 1 |a потребность 
610 1 |a нагрузка 
610 1 |a суточный график 
610 1 |a ТЭС 
610 1 |a тепловые электрические станции 
610 1 |a инвестиционные проекты 
610 1 |a строительство 
610 1 |a модернизация 
610 1 |a технико-экономическое обоснование 
610 1 |a себестоимость 
610 1 |a учебно-методические пособия 
610 1 |a труды учёных ТПУ 
675 |a 621.31.002:658(075.8)  |v 3 
700 1 |a Коршунова  |b Л. А.  |c специалист в области менеджмента  |c доцент Томского политехнического университета  |g Лидия Афанасьевна  |2 stltpush  |3 (RuTPU)RU\TPU\pers\24196 
701 1 |a Кузьмина  |b Н. Г.  |c экономист, специалист в области менеджмента  |c старший преподаватель Томского политехнического университета  |g Наталия Геннадьевна  |2 stltpush  |3 (RuTPU)RU\TPU\pers\22755 
712 0 2 |a Национальный исследовательский Томский политехнический университет (ТПУ)  |b Институт дистанционного образования (ИДО)  |2 stltpush  |3 (RuTPU)RU\TPU\col\16612 
801 1 |a RU  |b 63413507  |c 20130603 
801 2 |a RU  |b 63413507  |c 20160609  |g RCR 
900 |a Экономика и организация энергетического производства 
942 |c BK